Loading...
| Fine Arts - Classical Music | 4 | 20.00 | 100% | 100% | 0% |
| Fine Arts - Other Fine Arts | 5 | 14.00 | 100% | 40% | 0% |
| Fine Arts - Painting and Sculpture | 5 | 14.00 | 100% | 40% | 0% |
| Geography | 2 | 15.00 | 100% | 50% | 0% |
| History - American History | 7 | 21.43 | 100% | 71% | 43% |
| History - European History | 7 | 21.43 | 100% | 86% | 29% |
| History - Other History | 6 | 13.33 | 83% | 50% | 0% |
| History - World History | 8 | 16.25 | 100% | 25% | 38% |
| Literature - American Literature | 7 | 20.00 | 100% | 57% | 43% |
| Literature - British Literature | 6 | 20.00 | 100% | 83% | 17% |
| Literature - European Literature | 8 | 22.50 | 100% | 75% | 50% |
| Literature - World Literature | 7 | 18.57 | 100% | 57% | 29% |
| Mythology | 5 | 16.00 | 100% | 40% | 20% |
| Other Academic | 2 | 15.00 | 100% | 50% | 0% |
| Philosophy | 9 | 8.89 | 89% | 0% | 0% |
| Pop Culture | 2 | 10.00 | 50% | 50% | 0% |
| Religion | 7 | 12.86 | 86% | 43% | 0% |
| Science - Biology | 9 | 17.78 | 100% | 67% | 11% |
| Science - Chemistry | 9 | 15.56 | 89% | 56% | 11% |
| Science - Other Science | 9 | 12.22 | 78% | 33% | 11% |
| Science - Physics | 8 | 15.00 | 75% | 75% | 0% |
| Social Science | 7 | 14.29 | 100% | 43% | 0% |